000 00494nam a2200169 4500
999 _c1270
_d1270
008 200120b ||||| |||| 00| 0 eng d
020 _a08769219010
082 0 0 _a621.56
_bJ821
100 _9859
_aJordan, Richard C.
245 1 0 _aRefrigeration and air conditioning
_cby Richard C. Jordan and Gayle, B. Priester
250 _a2nd ed.
260 _aNew Delhi
_bPrentice-Hall
_c1973
300 _axv, 555 p.
650 0 _aAir Conditioning
700 _9860
_aPriester, Gayle B.
942 _2ddc
_cBK